| 000 | 00997nam a2200289 a 4500 | ||
|---|---|---|---|
| 001 | 013625907 | ||
| 003 | Uk | ||
| 005 | 20131008124654.0 | ||
| 008 | 060323s2006 maua b 001 0 eng | ||
| 020 | _a0071255192 (pbk.) | ||
| 020 | _a9780071255196 (pbk.) | ||
| 020 | _a0072988436 (hard copy : alk. paper) | ||
| 020 | _a9780072988437 (hard copy : alk. paper) | ||
| 082 | 0 | 4 |
_a658.40352 _222 _bLAW |
| 100 | 1 |
_aLaw, Averill M. _917906 |
|
| 245 | 1 | 0 |
_aSimulation Modeling and Analysis / _cAverill M. Law. |
| 250 | _a4th ed. | ||
| 260 |
_aBoston ; _aLondon : _bMcGraw-Hill, _c2006. |
||
| 300 |
_axix, 768 p. : _bill. ; _c24 cm. _e+ 1 CD-ROM (4 3/4 in.) |
||
| 490 | 1 | _aMcGraw-Hill series in industrial engineering and management science | |
| 500 | _aPrevious ed.: 2000. | ||
| 504 | _aIncludes bibliographical references (p. 719-750) and index. | ||
| 650 | 0 |
_aDigital computer simulation. _917907 |
|
| 653 |
_bGen _cFebruary2013 |
||
| 653 |
_bCS _cSeptember2013 _cOctober2013 |
||
| 942 |
_2ddc _cBB |
||
| 999 |
_c17252 _d17224 |
||